| 000 | 01095nam a2200313 c 4500 | ||
|---|---|---|---|
| 003 | BLK | ||
| 005 | 20250725105828.0 | ||
| 008 | 180413b bul|||||r ||||||| ||bul|| | ||
| 010 | _aKNG00026348000 | ||
| 020 |
_a954-8102-33-1 _bиздат.: Репортер |
||
| 040 | _aBLK | ||
| 041 |
_aBUL _cBUL |
||
| 080 |
_aНаука. Наукознание. Организация на умствения труд _b001 _x(092) _z001(092) |
||
| 080 |
_aБиографии _b929 _x _z929 |
||
| 100 | 1 |
_aСимънс, Джон _eпърви автор _9267329 |
|
| 139 |
_aСимънс, Джон _bС 37 |
||
| 245 | 1 | 0 |
_a[Стоте] 100-те най-влиятелни учени от древността до наши дни _cДжон Симънс. |
| 257 | _aBGR | ||
| 260 |
_аСофия _bРепортер _c1998 |
||
| 300 |
_a405 с. _bс портр. _c23 см |
||
| 380 | _a0 | ||
| 653 | _aучени | ||
| 852 | _aЦб 196477 | ||
| 856 | 4 |
_qpdf _u |
|
| 856 | 4 |
_qpdf _u |
|
| 942 |
_cKNG _n0 _01 |
||
| 944 |
_aCR _c12.05.2003 _k30564 _lАнна Гръцманова |
||
| 944 |
_aED _c20.04.2012 _k |
||
| 999 |
_c23860 _d23860 |
||